[Event "Turkish Super League 2019"]
[Site "Konya"]
[Date "2019.07.17"]
[Round "1"]
[White "Tomashevsky, Evgeny"]
[Black "Dastan, Muhammed Batuhan"]
[Result "1/2-1/2"]
[WhiteElo "2702"]
[BlackElo "2565"]
[Annotator "TA"]
[PlyCount "63"]
[EventDate "2019.07.17"]
[EventType "team-tourn"]
[EventCountry "TUR"]
[SourceTitle "playchess.com"]
[Source "ChessBase"]
[SourceQuality "1"]

{[%evp 10,63,9,12,33,6,13,19,13,12,20,11,19,0,10,12,11,11,10,0,0,0,12,-14,-12,-11,-17,-22,-8,-18,-10,-22,-21,-39,-39,-49,-51,-29,-49,-45,-53,-54,-54,-47,-45,-96,-72,-76,-76,-77,-77,-72,-52,-61,-29,-53]} 1. c4 c6 2. Nf3 d5 3. d4 Nf6 4. g3 g6 5. Bg2 Bg7 6. O-O dxc4 {D73: Fianchetto Grünfeld: 5 Nf3} 7. a4 Ne4 8. Qc2 Nd6 {The position is equal.} 9. e4 Na6 10. Na3 Be6 11. Be3 O-O 12. Ng5 Qd7 $146 ({Predecessor:} 12... Qc8 13. Nxe6 {½-½ (48) Shabalov,A (2520)-Piorun,K (2655) Jurmala 2016}) 13. Nxe6 Qxe6 14. e5 Nf5 $1 15. Qxc4 Nc7 16. Qxe6 (16. Rad1 {keeps more tension.} Rfd8 17. b3 Rd7 18. Nc2 Rad8 19. f4) 16... Nxe6 17. Nc2 Rfd8 {[%cal Re6d4]} 18. Rfd1 Rd7 19. Bh3 Rad8 20. Bxf5 gxf5 21. Re1 {[#]} c5 $1 {[%mdl 512]} 22. dxc5 Bxe5 23. Rab1 f4 24. gxf4 Bxf4 25. b4 Kf8 26. a5 a6 27. Rb3 ({White should play} 27. Kf1 $15) 27... Rd3 28. Reb1 Bxe3 29. Nxe3 Rxb3 30. Rxb3 Nd4 31. Rb2 f6 32. Kg2 {Accuracy: White = 48%, Black = 71%.} 1/2-1/2

[Event "Turkish Super League 2019"]
[Site "Konya"]
[Date "2019.07.17"]
[Round "1"]
[White "Inarkiev, Ernesto"]
[Black "Sanal, Vahap"]
[Result "0-1"]
[WhiteElo "2693"]
[BlackElo "2520"]
[Annotator "TA"]
[PlyCount "94"]
[EventDate "2019.07.17"]
[EventType "team-tourn"]
[EventCountry "TUR"]
[SourceTitle "playchess.com"]
[Source "ChessBase"]
[SourceQuality "1"]

{[%evp 9,94,28,37,41,76,64,70,48,51,56,58,29,62,44,50,43,54,40,43,43,43,13,18,30,13,-27,-29,-42,-41,-78,-70,-85,-68,-127,-60,-77,-85,-55,-78,-68,-33,-220,-226,-358,-338,-330,-347,-447,-462,-519,-520,-676,-672,-879,-881,-879,-870,-764,-260,-246,-267,-268,-257,-236,-222,-203,-91,-399,-399,-400,-383,-425,-425,-465,-462,-507,-516,-511,-493,-538,-537,-527,-514,-579,-577,-510,-273]} 1. c4 e5 2. Nc3 Bb4 3. Nd5 Bc5 4. e3 c6 5. d4 Bf8 (5... cxd5 6. dxc5 dxc4 7. Bxc4 Nf6 8. Nf3 Qa5+ 9. Bd2 Qxc5 10. Qb3 d5 11. Bb5+ Nbd7 12. Nxe5 Qd6 13. Nxd7 Bxd7 {1-0 (27) Inarkiev,E (2693)-Kazhgaleyev,M (2587) St Petersburg 2018}) 6. Nc3 {A21: English Opening: 1...e5 2 Nc3} d6 7. Nf3 Nd7 8. Bd3 {White is slightly better.} Ngf6 9. O-O Be7 $146 ({Predecessor:} 9... Qc7 10. b3 Be7 11. Bb2 O-O 12. Rc1 a6 13. Qc2 Re8 {0-1 (64) Kniest,O (2301)-Panchanathan,M (2494) Reykjavik 2017}) 10. b4 O-O 11. Rb1 Re8 12. Qc2 Qc7 13. Bb2 Bf8 14. Ng5 {[%cal Rd3h7]} g6 15. f4 exd4 16. exd4 d5 17. c5 Bg7 18. h3 Nf8 19. f5 Nh5 $1 20. Ne2 Bxf5 21. Bxf5 Qe7 ({Better is} 21... gxf5 $17 22. Rxf5 Qe7) 22. Nxf7 $1 $15 {aiming for Bd3.} Qxe2 23. Rf2 Qe3 24. Bg4 Ng3 $36 {[%mdl 2048] Black has the initiative.} ({Don't play} 24... Bxd4 $6 25. Bxd4 Qxd4 26. Bxh5 $16) 25. Kh2 $2 {[#]} (25. Nd6 $1 $15) 25... Ne4 $1 $19 {[%cal Re4f2]} 26. Rf3 (26. Rff1 $142) 26... Qd2 27. Qb3 h5 ({Weaker is} 27... Bxd4 28. Bc1 $11) 28. Bc1 Qxd4 ({Less strong is} 28... hxg4 29. Bxd2 Nxd2 30. Qd3 $19) 29. Bb2 {[#]} Qc4 $1 30. Qe3 {Threatens to win with Nh6+.} d4 31. Qf4 hxg4 32. hxg4 Re7 33. Rbf1 Rxf7 $2 (33... Nd7 34. Kg1 Rf8 35. Nh6+ Kh7) 34. Qxf7+ Qxf7 35. Rxf7 Be5+ 36. Kg1 {next Re7 is good for White.} Nd2 37. R1f2 Bg3 (37... Nc4 $19 {and Black stays clearly on top.} 38. Rxb7 a5) 38. Bxd4 $2 {[%mdl 8192]} (38. Rxf8+ $17 {nothing else works.} Rxf8 39. Rxd2) 38... Bxf2+ 39. Rxf2 Ne4 40. Re2 Re8 {Black is clearly winning.} 41. g5 Nh7 42. a4 Nhxg5 43. b5 Rd8 44. Be3 Ne6 45. bxc6 bxc6 46. a5 Rd1+ 47. Kh2 {[#]} Nf6 {Played: Rd1-h1} 0-1

[Event "Turkish Super League 2019"]
[Site "Konya"]
[Date "2019.07.17"]
[Round "1"]
[White "Firouzja, Alireza"]
[Black "Gulbas, Cemil"]
[Result "1-0"]
[WhiteElo "2685"]
[BlackElo "2380"]
[Annotator "TA"]
[PlyCount "65"]
[EventDate "2019.07.17"]
[EventType "team-tourn"]
[EventCountry "TUR"]
[SourceTitle "playchess.com"]
[Source "ChessBase"]
[SourceQuality "1"]

{[%evp 11,65,6,34,28,41,31,76,48,96,78,94,83,71,65,104,104,168,165,160,161,163,163,180,171,293,281,281,178,184,180,245,239,211,184,385,381,390,389,502,490,472,364,370,374,378,336,515,525,692,698,789,788,788,780,751,711]} 1. e4 c5 2. Nf3 d6 3. d4 cxd4 4. Nxd4 Nf6 5. Nc3 a6 6. Be2 g6 (6... e5 $5 {[%cal Re5d4]} 7. Nb3 Be6 $14) 7. g4 {B92: Sicilian Najdorf: 6 Be2} (7. Be3 Bg7 8. Qd2 Nbd7 9. g4 d5 10. exd5 Nb6 11. O-O-O Bxg4 12. f3 Bd7 13. Nb3 Nc8 14. Ne4 Nd6 15. Nbc5 O-O 16. Nxf6+ Bxf6 {½-½ (58) Eljanov,P (2755)-Jobava,B (2713) Malmo 2017}) 7... h6 8. Be3 Nc6 9. f3 $146 {White is better.} ({Predecessor:} 9. f4 Qc7 10. g5 hxg5 11. fxg5 Nh5 12. Nd5 Qa5+ 13. b4 Qd8 14. Nxc6 bxc6 {1-0 (28) Hansen,E (1895)-Aspler,G (1967) Edmonton 2005}) 9... e6 10. Qd2 Bd7 11. h4 b5 12. a3 $36 {[%mdl 2048] White has good play.} Qb8 13. O-O-O b4 (13... Ne5 $16) 14. Nxc6 $18 Bxc6 {[#]} 15. Qd4 $1 bxa3 16. Qxf6 Rg8 {[#]} 17. Qd4 $1 Qxb2+ (17... Bg7 $142 18. Qd3 (18. Qb6 Qxb6 19. Bxb6 axb2+ 20. Kd2 Rb8 $14) 18... Qb4 19. bxa3 Qxc3) 18. Kd2 Bg7 19. Qc4 Rc8 20. Na4 Qe5 (20... Qb5 $142) 21. Nb6 ({Not} 21. Qxa6 Ke7 $11) 21... Rc7 22. Qb4 Bb5 $2 (22... Qb2 23. Qxb2 axb2 24. Bxa6 Ke7) 23. c4 Bc6 24. Qxa3 f5 25. gxf5 gxf5 26. Kc2 Bf8 27. Rhg1 ({Resist} 27. Bd4 Qf4 $18) 27... Rxg1 28. Rxg1 ({Less strong is} 28. Bxg1 d5 $18) 28... Qh2 (28... Rg7 {might work better.} 29. Rxg7 Bxg7) 29. Kd2 {White is clearly winning.} f4 30. Bd4 Kf7 31. Qa5 {And now Qh5+ would win.} e5 32. Nd5 {[%mdl 64] Discovered Attack} Rb7 33. Bb6 {Accuracy: White = 84%, Black = 38%.} 1-0

[Event "Turkish Super League 2019"]
[Site "Konya"]
[Date "2019.07.17"]
[Round "1"]
[White "Ivanchuk, Vassily"]
[Black "Iljiushenok, Ilia"]
[Result "0-1"]
[WhiteElo "2684"]
[BlackElo "2520"]
[Annotator "TA"]
[PlyCount "92"]
[EventDate "2019.07.17"]
[EventType "team-tourn"]
[EventCountry "TUR"]
[SourceTitle "playchess.com"]
[Source "ChessBase"]
[SourceQuality "1"]

{[%evp 14,92,46,18,17,25,30,0,2,20,10,0,17,12,9,7,8,4,0,-14,0,0,-22,-22,-12,-19,-32,-36,-62,-64,-41,-71,-87,-129,-122,-516,-511,-521,-518,-475,-507,-513,-508,-505,-509,-724,-710,-673,-655,-627,-607,-600,-599,-580,-587,-626,-616,-626,-626,-618,-618,-596,-594,-549,-556,-730,-729,-714,-704,-660,-656,-970,-817,-931,-899,-1006,-952,-1745,-1725,-29986,-29987]} 1. d4 Nf6 2. c4 g6 3. Nf3 Bg7 4. g3 O-O 5. Bg2 d6 6. Nc3 Nc6 7. O-O a6 8. Bf4 Rb8 {E63: King's Indian: Fianchetto: Panno Variation with 7...a6} 9. Rc1 (9. c5) 9... h6 10. h4 Ng4 {The position is equal.} 11. d5 e5 $146 ({Predecessor:} 11... Nce5 12. b3 Nxf3+ 13. exf3 Nf6 14. Qd2 Kh7 {1-0 (33) Shaydullina,S (2211)-Ivanov,A (1903) Moscow 2018}) 12. dxe6 fxe6 13. b3 e5 14. Bd2 Bf5 15. Ne1 Qd7 16. Bd5+ Be6 17. Bg2 Rf7 18. Nc2 Rbf8 $36 {[%cal Rg4f2][%mdl 2048] Black has some pressure.} 19. f3 Nf6 20. e4 Nh5 21. Kh2 Qd8 22. Ne2 g5 ({And not} 22... Nxg3 23. Kxg3 g5 24. hxg5 $16) 23. g4 Nf4 24. h5 $2 {[%mdl 8192]} (24. Ne3 $17) 24... Nxg2 $19 {[%mdl 64] Discovered Attack} 25. Kxg2 {[#]} Bxg4 $1 {[%cal Rf7f3][%mdl 512]} 26. fxg4 {And now Rxf7 would win.} Rxf1 27. Qxf1 Rxf1 28. Rxf1 Nd4 29. Nexd4 exd4 30. Rf5 c6 31. Nb4 Qe8 32. Kf3 Qe6 33. Bc1 Be5 34. Nd3 c5 35. Bd2 b5 36. Nb2 {[#]} d3 $1 {[%mdl 64] Deflection} 37. Nxd3 bxc4 38. Nxe5 dxe5 39. bxc4 Qxc4 {[%mdl 4096] Endgame KQ-KRB} 40. Be3 Qf1+ 41. Kg3 Qe1+ 42. Kf3 Qd1+ 43. Kg3 c4 44. Rf6 Qe1+ 45. Kf3 Qf1+ 46. Kg3 Qxf6 {Accuracy: White = 37%, Black = 88%.} 0-1

[Event "Turkish Super League 2019"]
[Site "Konya"]
[Date "2019.07.17"]
[Round "1"]
[White "Kuzubov, Yuriy"]
[Black "Durarbayli, Vasif"]
[Result "0-1"]
[WhiteElo "2671"]
[BlackElo "2637"]
[Annotator "TA"]
[PlyCount "96"]
[EventDate "2019.07.17"]
[EventType "team-tourn"]
[EventCountry "TUR"]
[SourceTitle "playchess.com"]
[Source "ChessBase"]
[SourceQuality "1"]

{[%evp 9,96,25,18,10,17,2,8,0,0,0,0,0,21,-3,0,0,6,0,0,-3,28,4,5,-7,0,-17,-17,-39,0,-2,0,0,0,3,6,8,12,9,28,0,70,68,75,50,43,68,63,0,0,0,0,-32,-35,-39,-41,-47,-47,-49,-51,-51,-51,-50,-50,-133,-143,-195,-226,-247,-239,-229,-189,-391,-389,-391,-389,-373,-370,-572,-571,-547,-551,-548,-541,-750,-743,-729,-689,-668,-653]} 1. d4 Nf6 2. c4 e6 3. Nf3 b6 4. a3 Ba6 5. Qb3 Be7 6. Nc3 {E12: Queen's Indian: Unusual White 4th moves, 4 a3, 4 Nc3 Bb7 5 a3 and 4 Nc3 Bb7} d5 7. cxd5 Nxd5 8. e4 {aiming for Bxa6.The position is equal.} Bxf1 9. Kxf1 Nxc3 10. Qxc3 O-O 11. Be3 $146 ({Predecessor:} 11. g3 Qc8 12. Kg2 Qb7 13. Re1 Nd7 {1-0 (60) Lysyj,I (2617)-Zhigalko,S (2621) Martuni 2009}) 11... c5 12. Rd1 cxd4 13. Bxd4 Qd7 14. Rc1 f6 15. Ke2 Qb7 16. Nd2 Qa6+ 17. Kf3 Rd8 18. Rhd1 Qb5 19. g3 Na6 20. Kg2 Rd7 21. Nf3 Rad8 {Strongly threatening ...e5.} 22. Qc2 Kf7 23. b4 Nc7 24. Re1 e5 (24... Ne8 $11) 25. Bxe5 $1 $14 fxe5 26. a4 Qxb4 {...Bf6 is the strong threat.} 27. Nxe5+ {[%mdl 64] Double Attack} Ke8 $1 28. Nxd7 ({Better is} 28. Nc6 $14 Qd6 29. Nxd8 Bxd8 30. e5 Qd5+ 31. Kg1) 28... Rxd7 $11 29. e5 Bc5 {Hoping for ...Rd2.} 30. Qxh7 Ne6 $1 31. Qe4 Qxe4+ 32. Rxe4 Rd2 33. Rf1 Bd4 {[%mdl 1024] Black has compensation.} 34. h4 Nc5 35. Rg4 Kf7 ({Reject} 35... Bxe5 $6 36. Re1 $14) 36. Kh3 (36. Rf4+ $15 Ke6 37. Rf8) 36... Bxe5 $17 37. a5 (37. Rc4 $17) 37... bxa5 $19 38. Rc4 {[#]} Bd4 $1 39. Rfc1 {[#]} Ne4 $1 {[%cal Re4f2]} ({Stronger than} 39... Bxf2 40. Rxc5 Bxc5 41. Rxc5 $11) 40. g4 $2 (40. R1c2 Rxc2 41. Rxc2) 40... Nxf2+ 41. Kg3 Rd3+ 42. Kg2 Nxg4 {Threatens to win with ...Ne3+.} 43. Rc7+ (43. Ra4 {was necessary.}) 43... Kg6 {Black is clearly winning.} 44. R1c6+ Kh5 45. Kf1 Kxh4 46. Ke2 Re3+ 47. Kd2 g5 48. Rc4 Bb6 {Accuracy: White = 41%, Black = 82%.} 0-1

[Event "Turkish Super League 2019"]
[Site "Konya"]
[Date "2019.07.17"]
[Round "1"]
[White "Demchenko, Anton"]
[Black "Nihal Sarin"]
[Result "1-0"]
[WhiteElo "2665"]
[BlackElo "2610"]
[Annotator "TA"]
[PlyCount "55"]
[EventDate "2019.07.17"]
[EventType "team-tourn"]
[EventCountry "TUR"]
[SourceTitle "playchess.com"]
[Source "ChessBase"]
[SourceQuality "1"]

{[%evp 9,137,12,26,13,22,10,36,33,29,41,33,7,8,19,64,64,97,95,96,66,58,42,126,104,102,12,71,69,52,61,146,145,200,197,309,331,330,337,301,303,315,277,444,334,400,373,420,390,510,516,512,510,558,574,579,552,534,485,715,709,687,674,689,476,484,503,492,385,388,382,560,533,699,688,669,638,1043,1024,754,729,1705,1612,4894,2988,5402,5384,5398,5398,5384,5379,5324,5350,5295,5288,5281,5242,5231,5179,5181,5065,1385,2423,4928,4376,4134,2447,5068,1583,1900,0,4088,2577,4970,5200,4133,3434,2157,2023,29981,29982,29988,29982,29985,29986,29988,29983,29989,29990,29995,29996]} 1. e4 e5 2. Nf3 Nc6 3. Bc4 Bc5 4. d3 Nf6 5. O-O O-O 6. Re1 {C50: Hungarian Defence and Giuoco Pianissimo} Ng4 7. Re2 Kh8 8. h3 {White is slightly better.} f5 9. Bg5 Nf6 10. exf5 d5 11. Bb5 $36 {[%mdl 2048] White has good play.} Nd4 $146 ({Predecessor:} 11... e4 12. dxe4 dxe4 13. Qxd8 Rxd8 14. Bxc6 bxc6 {1-0 (37) Bacrot,E (2677)-Heinemann,J (2315) Germany 2019}) 12. Nxd4 Bxd4 13. c3 Bb6 14. Rxe5 c6 15. Ba4 Bc7 ({Black should try} 15... Qc7 $1 $14 16. d4 Ne4) 16. d4 $16 Qd7 17. Bxf6 (17. Bh4 $16) 17... Rxf6 (17... gxf6 $11 {keeps the balance.} 18. Re3 (18. Re6 Qg7 $15) 18... Qd6) 18. g4 Bxe5 19. dxe5 Rf8 (19... Rh6 $14) 20. Nd2 {[%cal Bb1d2,Bd2f3,Bf3e5][%mdl 32]} Qc7 {[#]} (20... Qe7 $16) 21. Nf3 $1 $18 Qe7 (21... Bxf5 $142 22. gxf5 Rxf5) 22. Bc2 Bd7 23. Qd2 Rae8 24. Re1 Bc8 25. e6 Qf6 $2 (25... g6 {was necessary.} 26. Ng5 Kg7) 26. Ne5 Kg8 27. f4 Bxe6 28. fxe6 {Played: g4-g5} 1-0

[Event "Turkish Super League 2019"]
[Site "Konya"]
[Date "2019.07.17"]
[Round "1"]
[White "Alekseenko, Kirill"]
[Black "Abasov, Nijat"]
[Result "1/2-1/2"]
[WhiteElo "2650"]
[BlackElo "2641"]
[Annotator "TA"]
[PlyCount "99"]
[EventDate "2019.07.17"]
[EventType "team-tourn"]
[EventCountry "TUR"]
[SourceTitle "playchess.com"]
[Source "ChessBase"]
[SourceQuality "1"]

{[%evp 14,99,30,16,16,18,37,33,31,8,16,0,20,28,39,23,20,14,22,11,33,15,68,8,19,0,54,51,56,56,95,83,107,97,153,38,37,43,40,52,41,0,106,105,95,110,97,108,104,99,108,106,108,122,170,165,221,220,227,217,185,0,0,0,0,0,0,0,0,0,0,-8,-7,-6,0,0,0,0,0,0,0,0,0,0,0,0,-4,-8]} 1. e4 e5 2. Nf3 Nc6 3. Bc4 Nf6 4. d3 Bc5 5. c3 d6 6. O-O h6 7. Re1 O-O 8. h3 a6 {C54: Giuoco Piano: 4 c3 Nf6, main lines with 5 d4 and 5 d3} 9. a4 Be6 $146 (9... a5 10. d4 Ba7 11. Bb3 Re8 12. Bc2 Bd7 13. Na3 Qc8 14. Nb5 Bb6 15. Bb1 exd4 16. cxd4 {0-1 (34) Giri,A (2797)-Karjakin,S (2753) Shamkir 2019}) ({Predecessor:} 9... Ba7 10. Bb3 Be6 11. Bxe6 fxe6 12. Be3 {½-½ (84) Motylev,A (2663)-Dubov,D (2648) Sochi 2016}) 10. Bxe6 fxe6 {White is slightly better.} 11. Be3 Bxe3 12. Rxe3 Qe8 13. Nbd2 Kh7 14. Qb3 Rb8 15. d4 Nd7 16. Qc2 Qg6 17. Rf1 Rf4 (17... Nb6 $11) 18. g3 (18. b4 $14) 18... Rbf8 $11 19. Kh2 R4f7 (19... exd4 $11 20. gxf4 dxe3 21. fxe3 e5) 20. dxe5 $14 Ncxe5 21. Nxe5 dxe5 22. Kg2 Nf6 23. Qd1 Nh5 (23... Nd7 $142) 24. Qg4 (24. Nf3 $1 $16) 24... Qxg4 $1 25. hxg4 Nf6 26. f3 b5 27. Rd3 bxa4 (27... Nd7 $11 {remains equal.}) 28. Nc4 $1 $16 {[%cal Rc4e5]} Nd7 29. Rd2 $1 Rb8 30. Rfd1 Nc5 31. Nxe5 Rff8 32. g5 hxg5 33. Kh3 $1 Rf6 34. Kg4 {[%mdl 1024] White has strong compensation.} Rb5 (34... Kg8 {might work better.} 35. c4 (35. Kxg5 Rb5 $14) 35... Rbf8) 35. c4 $18 Rb3 {[#]} 36. Rd8 $1 {[%cal Rd8c8]} (36. Kxg5 $6 Nxe4+ 37. fxe4 Rxg3+ 38. Kh4 Re3 $16) 36... Re3 {[#]} 37. Re8 $2 ({Stronger than} 37. Kxg5 Nxe4+ 38. fxe4 Rxg3+ 39. Kh4 Rg2 $11) ({Better is} 37. R1d4 $1 $18) 37... Nxe4 $1 $11 {( -> ...Nf2+). The position is equal.} 38. Rh1+ Rh6 39. Rxh6+ gxh6 {[%mdl 4096] Endgame KRN-KRN} 40. Re7+ Kg8 41. Nd7 Nd6 42. c5 Nf7 (42... Nf5 $5 43. Nf6+ $8 {[%mdl 64] Discovered Attack} Kf8 44. Rxc7 Re2 $11) 43. f4 gxf4 44. gxf4 Re2 45. Kh5 {Threatens to win with Kg6.} Rf2 ({Not} 45... Rxb2 $2 46. Kg6 $18) 46. Rxe6 {aiming for Kg6.} Rxf4 ({But not} 46... Rxb2 $2 47. Kg6 $18) 47. Rxa6 Rf2 48. Rxa4 Kg7 49. b4 Rd2 50. c6 {Accuracy: White = 61%, Black = 56%.} 1/2-1/2

[Event "Turkish Super League 2019"]
[Site "Konya"]
[Date "2019.07.17"]
[Round "1"]
[White "Sarana, Alexey"]
[Black "Gholami, Aryan"]
[Result "1-0"]
[WhiteElo "2640"]
[BlackElo "2532"]
[Annotator "TA"]
[PlyCount "67"]
[EventDate "2019.07.17"]
[EventType "team-tourn"]
[EventCountry "TUR"]
[SourceTitle "playchess.com"]
[Source "ChessBase"]
[SourceQuality "1"]

{[%evp 21,67,17,18,17,27,33,35,6,35,32,32,25,53,27,54,18,6,6,14,13,70,72,74,54,79,76,86,74,109,100,97,120,108,100,105,106,151,151,151,151,151,151,192,198,199,94,411,387]} 1. d4 Nf6 2. c4 e6 3. Nf3 b6 4. g3 Bb7 5. Bg2 Be7 6. O-O O-O 7. Re1 d5 8. cxd5 exd5 9. Nc3 Na6 10. Bf4 c5 11. Rc1 Ne4 12. h4 {E17: Queen's Indian: 4 g3 Bb7 5 Bg2 Be7} (12. a3 Re8 13. Qa4 cxd4 14. Nxd4 Nac5 15. Qd1 Nxc3 16. Rxc3 Bf6 17. Rc2 Qd7 18. Be3 Rac8 19. Qb1 Ba6 {½-½ (36) Postny,E (2642)-Tiviakov,S (2639) Leiden 2015}) 12... h6 13. a3 Re8 14. Be5 {White is slightly better.} cxd4 $146 ({Predecessor:} 14... Bf8 15. h5 cxd4 16. Bxd4 Nac5 17. e3 Ne6 18. Nb5 a6 19. Nc3 Rc8 {½-½ (55) Khoroshev,N (2416)-Morozov,N (2452) Batumi 2018}) 15. Bxd4 Nac5 16. e3 Ne6 17. Be5 Bf6 18. Rc2 Bxe5 19. Nxe5 Rc8 20. Nb5 Qf6 ({Black should play} 20... Rxc2 $11 21. Qxc2 N6c5) 21. Ng4 $1 $14 {[%cal Rg4f6]} Qg6 {Hoping for ...Rxc2.} 22. Rxc8 Rxc8 23. Nxa7 Rc5 {Strongly threatening ...Ra5.} 24. a4 Qf5 {next ...h5 is good for Black.} 25. Nb5 h5 26. Bxe4 $1 dxe4 27. Nd6 $1 {[%csl LRb7,LRf5]} Qxg4 28. Nxb7 Qxd1 29. Rxd1 $16 {KRN-KRN} Rc4 {[#]} 30. b3 $1 {[%cal Rb3c4]} Rb4 31. Rb1 Kf8 {[#]} 32. Kf1 $1 Nc5 33. a5 (33. Nxc5 $18 {and the rest is easy.} bxc5 34. Rc1) 33... Nxb3 $2 {[%mdl 8192]} (33... Na6 $16) 34. Kg2 {Accuracy: White = 60%, Black = 30%.} 1-0

[Event "Turkish Super League 2019"]
[Site "Konya"]
[Date "2019.07.17"]
[Round "1"]
[White "Kravtsiv, Martyn"]
[Black "Mchedlishvili, Mikheil"]
[Result "1-0"]
[WhiteElo "2628"]
[BlackElo "2571"]
[Annotator "TA"]
[PlyCount "77"]
[EventDate "2019.07.17"]
[EventType "team-tourn"]
[EventCountry "TUR"]
[SourceTitle "playchess.com"]
[Source "ChessBase"]
[SourceQuality "1"]

{[%evp 11,81,22,17,17,14,21,22,19,12,25,11,33,31,30,29,30,29,21,36,13,23,21,22,18,32,18,26,27,39,30,45,50,59,40,86,58,49,59,59,69,72,68,66,80,91,62,122,106,97,108,109,96,116,62,191,54,62,65,371,371,370,367,362,359,359,357,417,401,361,382,361,335]} 1. d4 Nf6 2. Bf4 d5 3. e3 c5 4. Nf3 Nc6 5. Nbd2 Bg4 6. c3 e6 7. Qb3 {D02: 1 d4 d5 2 Nf3 sidelines, including 2...Nf6 3 g3 and 2...Nf6 3 Bf4} Qc8 8. Nh4 (8. Ne5 Nxe5 9. Bxe5 c4 10. Qc2 Bf5 11. Qd1 Nd7 12. g4 Bg6 13. Bg3 h5 14. g5 h4 {1-0 (45) Karjakin,S (2783)-Meier,G (2630) chess.com INT 2017}) 8... Be7 9. h3 {The position is equal.} Bh5 10. g4 Bg6 11. Nxg6 hxg6 12. Be2 a6 $146 ({Predecessor:} 12... Qd7 13. O-O-O c4 14. Qc2 b5 {1-0 (49) Houska,J (2402)-Mammadzada,G (2438) Batumi 2018}) 13. Kf1 Qd7 14. Kg2 Rc8 15. h4 Na5 16. Qd1 cxd4 17. exd4 Bd6 18. Be3 Bb8 19. Bf3 Qd6 20. Qe2 Nc4 21. Nxc4 Rxc4 22. Rac1 Rc7 23. Bd2 Rd7 24. b3 {[%cal Bb2b3,Bb3b4][%mdl 32]} Ng8 25. c4 Ne7 26. c5 Qc7 27. b4 Nc6 28. Bc3 Re7 (28... Qf4 $14) 29. Rce1 $16 e5 30. dxe5 d4 {[%cal Re7e5]} 31. Bd2 O-O {[%cal Rc6e5]} 32. Bf4 (32. Bxc6 $16 Qxc6+ 33. Qf3) 32... Rd8 {[#]} ({Black should try} 32... Qd7 $14) 33. Bxc6 ({White should play} 33. h5 $1 $18 {[%cal Rh5g6] Black must now prevent hxg6.} d3 34. Qd2) 33... Qxc6+ $14 34. Qf3 {Hoping for Qxc6.} d3 $2 {[%mdl 8192]} (34... f6 $14) 35. Qxc6 $18 {White is winning.} bxc6 36. Bg5 {[%mdl 64] Skewer} f6 37. exf6 {[%mdl 64] Discovered Attack} Rxe1 38. Rxe1 {aiming for f7+!} d2 {[#]} 39. Rd1 {Played: Bg5xd2} 1-0

[Event "Turkish Super League 2019"]
[Site "Konya"]
[Date "2019.07.17"]
[Round "1"]
[White "Yilmaz, Mustafa"]
[Black "Rozum, Ivan"]
[Result "1-0"]
[WhiteElo "2618"]
[BlackElo "2583"]
[Annotator "TA"]
[PlyCount "31"]
[EventDate "2019.07.17"]
[EventType "team-tourn"]
[EventCountry "TUR"]
[SourceTitle "playchess.com"]
[Source "ChessBase"]
[SourceQuality "1"]

{[%evp 15,119,0,25,19,17,21,27,20,48,48,51,48,54,62,118,106,137,120,130,91,118,31,66,56,107,104,91,106,114,114,110,92,108,0,150,149,115,68,98,43,43,56,51,45,64,56,64,67,53,29,90,80,128,122,129,130,135,127,133,72,129,129,129,129,161,161,161,161,163,167,249,242,242,242,242,235,226,222,358,372,391,376,641,650,614,615,598,362,356,352,541,537,472,459,533,697,652,600,29967,29963,29963,29964,29996,29991,29997,29998]} 1. d4 Nf6 2. c4 e6 3. Nf3 b6 4. g3 Bb7 5. Bg2 Be7 6. O-O (6. Nc3 Ne4 7. Bd2 Bf6 8. O-O {½-½ (8) Yilmaz,M (2630)-Berkes,F (2678) Valjevo 2018}) 6... O-O 7. Nc3 Ne4 8. Bd2 Bf6 9. Re1 {E18: Queen's Indian: Old Main Line (4 g3 Bb7 5 Bg2 Be7 6 0-0 0-0 7 Nc3)} d5 10. cxd5 exd5 11. Bf4 $146 {White has an edge.} ({Predecessor:} 11. Rc1 Nd7 12. Qc2 Re8 13. Bf4 Nxc3 14. bxc3 c5 15. dxc5 Nxc5 16. Nd4 Qd7 {½-½ (39) Adamski,J (2415)-Kruszynski,W Polanica Zdroj 1979}) 11... c5 12. Nxe4 dxe4 13. Nd2 Re8 14. dxc5 Bxb2 (14... Nd7 $1 $14) 15. Rb1 $16 Bc3 16. Nxe4 {Played: Qd1-c2} 1-0